00611cam a22001694a 45000010009000000050017000090080041000260200018000670400013000850820024000981000026001222450151001482600033002993000042003324900052003746500015004261384587320170508091757.0050119s2005 nyuab b 001 0 eng  a9780415654784 cPK-LaUMT00a305.8942222bMON-W1 aMonsutti, Alessandro.10aWar and migration :bsocial networks and economic strategies of the Hazaras of Afghanistan /cAlessandro Monsutti ; translated by Patrick Camiller aNew York :bRoutledge,c2005 axviii, 328 p. :bill., maps ;c24 cm.1 aMiddle East studies: history, politics, and law 0aHazāras.